000 00416nmm a2200145Ia 4500
008 251105s9999||||xx |||||||||||||||||und||
041 _aspa
100 _aPhillips, Susan Elizabeth
245 0 _aUna chica a la moda :
_b Golfistas 1
264 _a[Madrid, España] :
_bEdiciones B,
_c2013
300 _a576 páginas
650 _aRomance
856 _uhttps://public.digitaliapublishing.com/a/53061
942 _cCF
999 _c104693
_d104693